Normal view
MARC view
Entry Personal Name
001 - CONTROL NUMBER
- control field: 9752
003 - CONTROL NUMBER IDENTIFIER
- control field: BD-RjUL
005 - DATE AND TIME OF LATEST TRANSACTION
- control field: 20231026145709.0
008 - FIXED-LENGTH DATA ELEMENTS
- fixed length control field: 231026|| aca||aabn | a|a d
040 ## - CATALOGING SOURCE
- Original cataloging agency: BD-RjUL
- Transcribing agency: BD-RjUL
100 ## - HEADING--PERSONAL NAME
- Personal name: Mizanuddin, Muhammad. Supervisor
670 ## - SOURCE DATA FOUND
- Source citation: Work cat.: (BD-RjUL)82185: ROY, Partha Biplob 7040, Library and information services for the distance learners with special reference to Bangladesh Open University (BOU) /, 2014